Geography: North America #1 - Statistics

General Stats
  • This quiz has been taken 350 times
    321 since last reset
  • The average score is 16 of 25
Answer Stats
Hint Answer % Correct
What is the continent's largest country (which is also the second largest country in the world)? Canada
100%
Stromboli is to Italy as Popocatepetl is to.... Mexico
93%
What national monument did France gift the U.S. in 1886? Statue of Liberty
93%
What is the name of the island home to Haiti and the Dominican Republic? Hispaniola
90%
The above country has the longest what in the world? Coastline
88%
What European nation has authority of the above countries? Netherlands
88%
The Turks and Caicos islands are territories of what country? United Kingdom
88%
What peninsula was hit by a meteor approximately 66 million years ago? Yucatan
85%
What are the names of the ABC Islands? Aruba
80%
What country is known for it's Blue Mountains (and is also the third largest island in the Caribbean)? Jamaica
75%
What is the largest metropolitan area? Mexico City
75%
What are the names of the ABC Islands? Curacao
74%
Seismic activity along what fault helped create the Baja California peninsula? San Andreas
71%
In what island chain are the above located? Lesser Antilles
67%
Andros and Great Inagua are the two largest islands of what country? Bahamas
65%
What freshwater lake is known for it's bull shark population? (These sharks have adapted to living in the freshwater) Lake Nicaragua
60%
What is the lowest point, at 282 feet below sea level? Death Valley
59%
What are the names of the ABC Islands? Bonaire
56%
What is the name of the densely forested and dangerous region in Panama that has no roads? Darien Gap
51%
What is the name of the Mexican state that borders Arizona and shares it's name with a desert? Sonora
43%
What highway system, that runs almost continuously from Alaska to the southern tip of Argentina, is interrupted by the above region? Pan-American
36%
What is the name of the crater that was created by the above meteor? Chicxulub
10%
What is the tallest mountain in Mexico? Pico de Orizaba
10%
The wreck of the Titanic was discovered approx. 300 miles off the coast of Cape Race, which is on what peninsula in Canada? Avalon
2%
What is the name of the dish of meat-filled peppers in a walnut cream sauce that represents the colors of the Mexican flag? Chiles en Nogada
2%
No matching quizzes found
Score Distribution
Percent of People with Each Score
Percentile by Number Answered
Your Score History
You have not taken this quiz since the last reset